El Efecto REMIX - Rauw Alejandro, Chencho Corleone, Kevvo, Dalex... - Estadísticas

Estadísticas generales
  • Esta prueba ha sido intentada 32 veces
  • La puntuación promedio es 459 de 639
Estadísticas de respuestas
Letra % Correcto
a
100%
A
100%
asi
88%
así
88%
Baby
88%
baby
88%
efecto
88%
el
88%
El
88%
es
88%
Es
88%
esta
88%
Esta
88%
está
88%
hizo
88%
hoy
88%
La
88%
la
88%
m
88%
mami
88%
me
88%
Me
88%
no
88%
No
88%
nos
88%
Nota
88%
nota
88%
Pa
88%
pa
88%
Por
88%
Porque
88%
puse
88%
que
88%
Que
88%
qué
88%
Qué
88%
si
88%
Si
88%
ti
88%
y
88%
Y
88%
ya
88%
Ya
88%
Yo
88%
yo
88%
acaba
75%
Ah
75%
ah
75%
al
75%
bailas
75%
cama
75%
Como
75%
como
75%
Cómo
75%
cuando
75%
de
75%
De
75%
decidir
75%
dejas
75%
Desnu
75%
desnuda
75%
di
75%
día
75%
Dime
75%
en
75%
eso
75%
este
75%
esto
75%
estuviéramos
75%
i
75%
I
75%
ir
75%
ita
75%
las
75%
le
75%
Le
75%
lo
75%
los
75%
Los
75%
luego
75%
mi
75%
75%
Mi
75%
na
75%
nada
75%
nena
75%
o
75%
O
75%
para
75%
Para
75%
queda
75%
quiere
75%
quieres
75%
Quiero
75%
quiero
75%
rica
75%
se
75%
Se
75%
sentir
75%
sin
75%
te
75%
tiempo
75%
tiene
75%
tienes
75%
75%
tu
75%
75%
Tu
75%
Va
75%
vamos
75%
ve
75%
vi
75%
vienes
75%
Amanecía
63%
aquí
63%
booty
63%
casi
63%
cierren
63%
combi
63%
compatibles
63%
completa
63%
con
63%
Con
63%
correcto
63%
cualquier
63%
darte
63%
después
63%
Después
63%
encuentro
63%
entre
63%
Erótico
63%
ese
63%
estamos
63%
estoy
63%
fluir
63%
freaky
63%
Fue
63%
g
63%
grande
63%
hacer
63%
Hay
63%
Hija
63%
hora
63%
llamas
63%
Lucifer
63%
momento
63%
mundo
63%
noche
63%
Olvida
63%
olvida
63%
otro
63%
pared
63%
pasaría
63%
permites
63%
puso
63%
sabia
63%
sabía
63%
será
63%
Será
63%
Siento
63%
signos
63%
sintiéndola
63%
su
63%
terminarías
63%
tetas
63%
To
63%
todavía
63%
tus
63%
una
63%
vas
63%
Ven
63%
Verás
63%
acabó
50%
adentro
50%
amarrarte
50%
bailaste
50%
bajo
50%
bellaqueo
50%
bien
50%
buena
50%
Calderón
50%
castigándola
50%
champaña
50%
comerte
50%
comparten
50%
conmigo
50%
conoces
50%
conociéndola
50%
contigo
50%
convencerte
50%
coqueta
50%
cumpla
50%
dame
50%
deseo
50%
desvestirnos
50%
directo
50%
dura
50%
duro
50%
efectos
50%
ella
50%
empezando
50%
Envía
50%
eres
50%
escogerte
50%
espalda
50%
esquina
50%
estar
50%
Experimentar
50%
éxtasis
50%
fácil
50%
forty
50%
fotos
50%
ganas
50%
goces
50%
gusta
50%
hacemos
50%
imaginé
50%
interior
50%
labia
50%
llevo
50%
luz
50%
maligno
50%
más
50%
mejor
50%
mejores
50%
memorizarme
50%
mente
50%
mirando
50%
mirándola
50%
mismo
50%
Moviéndote
50%
Nadie
50%
negarte
50%
nuestros
50%
otra
50%
partes
50%
pasará
50%
pégate
50%
pensando
50%
perder
50%
poca
50%
poses
50%
provoca
50%
rompiéndola
50%
ropa
50%
saber
50%
sentimientos
50%
shorty
50%
sigo
50%
son
50%
sorry
50%
supieras
50%
también
50%
tampoco
50%
tengo
50%
Tirándole
50%
twerking
50%
varias
50%
verde
50%
verte
50%
ves
50%
vez
50%
vibra
50%
vívetelo
50%
voy
50%
amor
38%
Bryant
38%
busco
38%
cuenta
38%
Esnu
38%
haces
38%
Ly
38%
Myers
38%
pedir
38%
pierdes
38%
prrrr
38%
pruebes
38%
segunda
38%
convenciéndola
25%
Dalex
25%
esperemos
25%
fresqui
25%
gané
25%
string
25%
ahhh
13%
Kevvo
13%
horney
0%
sea
0%
No se encontraron pruebas coincidentes
Distribución de puntuación
Porcentaje de gente con cada puntuación
Porcentaje por número respondido
Historial de tus puntuaciones
No has intentado esta prueba.